Central Library and Information Centre
Sibsagar Girls' College, Sivasagar : Assam

ENVIRONMENTAL BIOLOGY (Record no. 11224)

MARC details
000 -LEADER
fixed length control field 00412cam a2200181ua 4500
008 - FIXED-LENGTH DATA ELEMENTS--GENERAL INFORMATION
fixed length control field 120327n2007 II |||gr||||Z||||||eng
040 ## - CATALOGING SOURCE
Original cataloging agency MAIN
041 ## - LANGUAGE CODE
-- English
082 ## - DEWEY DECIMAL CLASSIFICATION NUMBER
Classification number 577 VER
100 ## - MAIN ENTRY--PERSONAL NAME
Personal name VERMA, P.S.
245 ## - TITLE STATEMENT
Title ENVIRONMENTAL BIOLOGY
260 ## - PUBLICATION, DISTRIBUTION, ETC.
Place of publication, distribution, etc. NEW DELHI
Name of publisher, distributor, etc. S.CHAND & COMPANY
Date of publication, distribution, etc. 2007
300 ## - PHYSICAL DESCRIPTION
Extent 591.:
Dimensions 22CM.
700 ## - ADDED ENTRY--PERSONAL NAME
Personal name AGARWAL, V.K.
942 ## - ADDED ENTRY ELEMENTS (KOHA)
Koha item type Books
653 ## - INDEX TERM--UNCONTROLLED
Uncontrolled term Ecology
Holdings
Withdrawn status Lost status Damaged status Not for loan Collection code Home library Current library Shelving location Date acquired Full call number Barcode Date last seen Copy number Price effective from Koha item type
        Environmental science Central Library and Information Centre Sibsagar Girls College Central Library and Information Centre Sibsagar Girls College Environmental Sc Rack 01.08.2006 577 VER 21810 27.02.2020 1 27.02.2020 Books


Sibsagar Girl's College © 2020. All rights reserved.
Powered by Koha.
Maintained by Abhijit Borpuzari.